The Peacebuilding Puzzle (Record no. 24532)

MARC details
000 -LEADER
fixed length control field 00741nam a2200121Ia 4500
008 - FIXED-LENGTH DATA ELEMENTS--GENERAL INFORMATION
fixed length control field 220620s9999||||xx |||||||||||||| ||und||
100 ## - MAIN ENTRY--PERSONAL NAME
Personal name Barma, Naazneen
245 #4 - TITLE STATEMENT
Title The Peacebuilding Puzzle
Remainder of title Political Order in Post-Conflict States
546 ## - LANGUAGE NOTE
Language note English[eng]
650 ## - SUBJECT ADDED ENTRY--TOPICAL TERM
Topical term or geographic name entry element Political Science||Political Science||International Relations||Afghanistan||Cambodia||Conflict resolution||East Timor||Neopatrimonialism||Peacebuilding||Transitional Government of the Democratic Republic of the Congo||United Nations
856 ## - ELECTRONIC LOCATION AND ACCESS
Uniform Resource Identifier <a href="https://library.oapen.org/bitstream/20.500.12657/31428/1/628144.pdf||https://library.oapen.org/bitstream/20.500.12657/31428/1/628144.pdf||https://library.oapen.org/bitstream/20.500.12657/31428/1/628144.pdf">https://library.oapen.org/bitstream/20.500.12657/31428/1/628144.pdf||https://library.oapen.org/bitstream/20.500.12657/31428/1/628144.pdf||https://library.oapen.org/bitstream/20.500.12657/31428/1/628144.pdf</a>
942 ## - ADDED ENTRY ELEMENTS (KOHA)
Koha item type E-Books
Holdings
Withdrawn status Lost status Damaged status Not for loan Home library Current library Date acquired Total Checkouts Date last seen Price effective from Koha item type
        Kerala University of Digital Sciences, Innovation and Technology Knowledge Centre Kerala University of Digital Sciences, Innovation and Technology Knowledge Centre 20/06/2022   20/06/2022 20/06/2022 E-Books